CONTACT LENS FITTING GUIDE (Record no. 10233)
[ view plain ]
| 000 -LEADER | |
|---|---|
| fixed length control field | 00295nam a22001337a 4500 |
| 003 - CONTROL NUMBER IDENTIFIER | |
| control field | SGT |
| 082 ## - DEWEY DECIMAL CLASSIFICATION NUMBER | |
| Classification number | 617.75 |
| Item number | C14B |
| 100 ## - MAIN ENTRY--PERSONAL NAME | |
| Personal name | BHOOTRA, AJAY KUMAR |
| 245 ## - TITLE STATEMENT | |
| Title | CONTACT LENS FITTING GUIDE |
| 250 ## - EDITION STATEMENT | |
| Edition statement | 1ST |
| 260 ## - PUBLICATION, DISTRIBUTION, ETC. (IMPRINT) | |
| Place of publication, distribution, etc | INDIA |
| Name of publisher, distributor, etc | JAYPEE |
| Year of Publication | 2014 |
| 650 ## - SUBJECT ADDED ENTRY--TOPICAL TERM | |
| Topical term or geographic name as entry element | OPHTHALMOLOGY |
| 942 ## - ADDED ENTRY ELEMENTS (KOHA) | |
| Source of classification or shelving scheme | Dewey Decimal Classification |
| Koha item type | Books |
| 942 ## - ADDED ENTRY ELEMENTS (KOHA) | |
| -- | 10 |
| Withdrawn status | Lost status | Source of classification or shelving scheme | Damaged status | Not for loan | Collection code | Home library | Current library | Shelving location | Date acquired | Vendor Name | Cost, normal purchase price | SGTU | Bill Number | Total Checkouts | Full call number | Accession No. (Barcode) | Date last seen | Date last borrowed | Bill Date | Koha item type |
|---|---|---|---|---|---|---|---|---|---|---|---|---|---|---|---|---|---|---|---|---|
| Dewey Decimal Classification | MEDICAL | SGT Medical Library | SGT Medical Library | Text Book | 14/12/2016 | ABC | 250.00 | SGTU | 6436 | 1 | 617.75 C14B | FM7746 | 27/12/2024 | 12/12/2024 | 02/01/2016 | Books | ||||
| Dewey Decimal Classification | MEDICAL | SGT Medical Library | SGT Medical Library | Text Book | 14/12/2016 | ABC | 250.00 | SGTU | 6436 | 6 | 617.75 C14B | FM7747 | 24/06/2025 | 24/06/2025 | 02/01/2016 | Books | ||||
| Dewey Decimal Classification | MEDICAL | SGT Medical Library | SGT Medical Library | Text Book | 14/12/2016 | ABC | 250.00 | SGTU | 6436 | 4 | 617.75 C14B | FM7748 | 02/12/2024 | 25/11/2024 | 02/01/2016 | Books | ||||
| Dewey Decimal Classification | MEDICAL | SGT Medical Library | SGT Medical Library | Text Book | 14/12/2016 | ABC | 250.00 | SGTU | 6436 | 617.75 C14B | FM7749 | 14/12/2016 | 02/01/2016 | Books | ||||||
| Dewey Decimal Classification | MEDICAL | SGT Medical Library | SGT Medical Library | Text Book | 14/12/2016 | ABC | 250.00 | SGTU | 6436 | 4 | 617.75 C14B | FM7750 | 02/12/2024 | 25/11/2024 | 02/01/2016 | Books |